A un jeune poète. (Record no. 4094)

MARC details
000 -LEADER
fixed length control field 00544cam a22002171 4500
001 - CONTROL NUMBER
control field af 48000508
003 - CONTROL NUMBER IDENTIFIER
control field DLC
005 - DATE AND TIME OF LATEST TRANSACTION
control field 20260227110844.0
008 - FIXED-LENGTH DATA ELEMENTS--GENERAL INFORMATION
fixed length control field 860103s1945 fr 000 0 fre c
010 ## - LIBRARY OF CONGRESS CONTROL NUMBER
LC control number af 48000508
035 ## - SYSTEM CONTROL NUMBER
System control number (OCoLC)12969089
040 ## - CATALOGING SOURCE
Original cataloging agency Chicago. Univ. Libr.
Transcribing agency KyU
Modifying agency DLC
042 ## - AUTHENTICATION CODE
Authentication code premarc
050 00 - LIBRARY OF CONGRESS CALL NUMBER
Classification number PN1031
Item number .G73
082 ## - DEWEY DECIMAL CLASSIFICATION NUMBER
Classification number 808.1
100 1# - MAIN ENTRY--PERSONAL NAME
Personal name Grout, Marius,
Dates associated with a name 1903-1946.
245 10 - TITLE STATEMENT
Title A un jeune poète.
260 ## - PUBLICATION, DISTRIBUTION, ETC.
Place of publication, distribution, etc. Paris,
Name of publisher, distributor, etc. Éditions du Pavois
Date of publication, distribution, etc. [1945]
300 ## - PHYSICAL DESCRIPTION
Extent 105 p.
Dimensions 17 cm.
650 #0 - SUBJECT ADDED ENTRY--TOPICAL TERM
Topical term or geographic name entry element Poetry.

No items available.

Powered by Koha